000 00824nmc a2200301 a 4500
003 AR-BaBNM
005 20251128204144.0
008 136019s1983 ||||||||||||||000 | spa||
020 _a950-25-0030-X
040 _cAR-BaBNM
100 1 _aMansilla, César L.
245 1 0 _aLas fuerzas de Centro
260 _aBuenos Aires
_bCentro Editor de América Latina
_c1983
300 0 _a168 p.
490 0 _aBiblioteca política argentina
_vv. 29
600 1 4 _aAlsogaray, Alvaro C.
600 1 4 _aHardoy, Emilio
600 1 4 _aManrique, Francisco
650 4 _aPOLITICA ARGENTINA
650 4 _aPARTIDOS POLITICOS ARGENTINOS
650 4 _aCONSERVADURISMO
650 4 _aLIBERALISMO
650 4 _aIDEOLOGIAS POLITICAS
651 4 _aArgentina
800 1 _aTroncoso, Oscar
_edirector
942 _cBK
998 _cEnrique
999 _c6404
_d6404